說愛你

資料類型: Book 圖書   書目號:49720

Leader xxxxxxxxxx
001 __ PCLIS00049720
005 __ 20210625140942.0
010 0_ |a978-986-89938-9-1|b平裝|dNT$230
100 __ |a20160421d2014    m  y0chiy09      e
101 0_ |achi
102 __ |atw
105 __ |ay   z   000ay
200 1_ |a說愛你|dSay love to you|zeng|f艾小薇著
205 __ |a初版
210 __ |a臺北市|c城邦原創出版|h家庭傳媒城邦分公司發行|c高見文化經銷|d2014[民103]
215 0_ |a276面||d21公分
225 2_ |a戀小說|v017
510 1_ |aSay love to you|zeng
681 __ |a857.7|b8848
700 _0 |a艾小薇|4801 _0 |atw|b內湖高中|c20160421|gCCR
801 _1 |atw|b內湖高中|c20160421
  
詳細館藏(共 1 筆)
索 書 號登 錄 號冊次號館別 / 館藏地流通類型狀態加入預約清單電子資源
857.7 / 8848 1023491  圖書館 / 一樓普通區 可外借30天 在館   

| 條列資料




目錄查詢 分類查詢 個人資料 圖書薦購 新書查詢 閉館日 排行榜 更多電子資源 Hami書城 線上資料庫 登出

From : 216.73.217.52

  本日流通累計至 13:45:36 借閱 : 0 次 續借 : 0 次 歸還 : 0 次 預約 : 0 次 電子資源 : 0 次


內湖高中圖書館  PCLIS 版本  26.5.0.12